Statistiques concernant Candidats à l'élection présidentielle française 2022 en rébus

Cliquez ici pour prendre le quiz!

Statistiques générales

  • Ce quiz a été pris 1 622 fois
  • Le résultat moyen est 8 sur 10

Réponses sur la Carte

Les réponses sont colorées sur une échelle allant du rouge au vert en fonction du pourcentage des utilisateurs qui les ont devinées à leur premier essai. Vous pouvez retrouver ces pourcentages ci-dessous.
 

Statistiques - réponses

Candidats% Correct
Valérie Pécresse
93%
Fabien Roussel
92%
Marine Le Pen
87%
Eric Zemmour
84%
Emmanuel Macron
83%
Philippe Poutou
83%
Nicolas Dupont-Aignan
82%
Jean-Luc Mélenchon
79%
Jean Lassalle
68%
Nathalie Arthaud
61%

Distribution des résultats

Percentile par nombre de réponses

% des personnes avec chaque résultat

Votre développement - résultats

Vous n’avez pas pris ce quiz